| 000 | 004280000a22001690004500 | ||
|---|---|---|---|
| 020 | _a0-85110-721-4 | ||
| 041 | 0 | _aENG | |
| 082 | 0 | 4 | _aG 261.834 L4871r |
| 245 | 1 | 0 | _aThe role of women / Shirley Lees, Editor |
| 260 | _aLeicester, England : InterVarsity | ||
| 300 | _a224 Pag | ||
| 001 | 6900 | ||
| 942 | _cBK | ||
| 999 |
_c37148 _d37148 |
||
| 336 |
_atexto _btxt _2rdacontent |
||
| 337 |
_2rdamedia _asin mediación _bn |
||
| 338 |
_2rdacarrier _avolumen _bnc |
||